• 首页
  • 本馆介绍
  • 公告通知
  • 最新文献
  • 馆藏检索
  • 电子资源
  • 读者导购
  • 参考咨询
  • 我的图书馆
  • 登录
  • 详细信息显示
  • 放入我的书架
  • 预约/预借图书
  • 作者相关作品
  • 分类相关作品
  • 丛书相关作品
  • 出版社相关作品

书目信息

  • 表格格式
  • 工作单格式
  • 卡片格式
题名:
心理学趣谈
    
 
作者: 王树茂 编著
分册:  
出版信息: 沈阳   辽宁人民出版社  1982
页数: 152页
开本: 19cm
丛书名:
单 册:
中图分类: B84-49 , B84
科图分类:
主题词: 心理学--通俗读物
电子资源:
ISBN:
000 00620nam0 2200253 45
001 1234720382
005 20120928094058.98
010    @dCNY0.38
091    @aCN@b59.8059
100    @a19950512d1982 em y0chiy0121 ea
101 0  @achi
102    @aCN@b210000
105    @ay z 000yy
200 10 @a心理学趣谈@Axin li xue qu tan@f王树茂编著
205    @a修订本
210    @a沈阳@c辽宁人民出版社@d1982
215    @a152页@d19cm
606 0  @a心理学@x通俗读物
690    @aB84-49@v3
690    @aB84@v4
701  0 @a王树茂@Awang shu mao@4编著
801  0 @aCN@bTSSF
801  2 @aCN@bNLC
905    @a10447@dB84@eJY29
    
    心理学趣谈/王树茂编著.-修订本.-沈阳:辽宁人民出版社,1982
    152页;19cm
    
    
    ISBN :CNY0.38
    
●
相关链接 在E读中查询图书 在五车中查询图书 在当当中查询图书 在豆瓣中查询图书


正题名:心理学趣谈     索取号:B84/JY29         预约/预借

序号 登录号 条形码 馆藏地/架位号 状态 备注
1 7830003   278300036   学院路分馆/ [索取号:B84/JY29] 在馆    
2 7830004   278300045   学院路分馆/ [索取号:B84/JY29] 在馆    
3 7830005   278300054   学院路分馆/ [索取号:B84/JY29] 在馆    
4 7830006   278300063   学院路分馆/ [索取号:B84/JY29] 在馆    
5 7830007   278300072   学院路分馆/ [索取号:B84/JY29] 在馆    
唐山师范学院图书馆 欢迎您!
大连网信软件有限公司© 版权所有